Highest 200k Cities in North America - Statistics

General Stats
  • This quiz has been taken 15 times
  • The average score is 24 of 40
Answer Stats
State or
Province
Population Elevation
(m)
Elevation
(ft)
Answer % Correct
Mexico 9,209,944 2,239 7,349 Ciudad de México
100%
Guatemala 1,221,739 1,499 4,921 Guatemala City
100%
United States 561,008 1,619 5,312 Albuquerque
90%
Canada 1,306,784 1,044 3,428 Calgary
90%
United States 486,248 1,839 6,035 Colorado Springs
90%
United States 713,252 1,609 5,280 Denver
90%
United States 677,456 1,185 3,888 El Paso
90%
Mexico 1,721,199 1,815 5,955 León de los Aldama
90%
Mexico 1,692,181 2,135 7,005 Puebla
90%
United States 204,657 1,299 4,265 Salt Lake City
90%
Costa Rica 352,381 1,171 3,845 San José
90%
United States 546,574 728 2,389 Tucson
90%
United States 236,624 822 2,700 Boise
80%
Mexico 925,762 1,432 4,701 Chihuahua
80%
Mexico 2,143,539 1,139 3,740 Ciudad Juárez
80%
Mexico 1,385,629 1,566 5,138 Guadalajara
80%
United States 273,448 1,373 4,505 Reno
80%
Honduras 1,326,460 989 3,248 Tegucigalpa
80%
Mexico 948,990 1,887 6,194 Aguascalientes
70%
United States 263,930 975 3,202 Lubbock
70%
Mexico 255,029 1,555 5,102 Oaxaca
70%
Mexico 824,229 1,863 6,115 San Luis Potosí
70%
United States 201,291 1,103 3,662 Amarillo
60%
Mexico 1,436,818 1,819 5,971 Santiago de Querétaro
60%
Mexico 223,876 2,659 8,727 Toluca
50%
Mexico 735,340 1,120 3,675 Torreón
50%
Mexico 366,321 1,508 4,950 Cuernavaca
40%
Mexico 849,053 1,919 6,299 Morelia
30%
Mexico 807,537 1,600 5,250 Saltillo
30%
Mexico 616,068 1,890 6,201 Victoria de Durango
30%
Mexico 488,531 1,417 4,649 Xalapa Enríquez
30%
Mexico 452,090 1,723 5,656 Irapuato
20%
Mexico 264,782 1,199 3,934 Nogales
20%
El Salvador 277,264 665 2,182 Santa Ana
20%
Mexico 340,387 1,766 5,797 Celaya
10%
Guatemala 212,047 1,320 4,331 Cobán
10%
Mexico 277,375 2,431 7,979 Pachuca de Soto
10%
Mexico 357,621 1,599 5,249 Tehuacán
10%
Mexico 332,863 920 3,020 Tepic
10%
Mexico 299,523 1,620 5,315 Uruapan
10%
No matching quizzes found
Score Distribution
Percent of People with Each Score
Percentile by Number Answered
Your Score History
You have not taken this quiz